000
00304nam a2200133Ia 4500
008
100328s9999 xx 000 0 und d
082
_b
46250
100
_a
सानिया
245
_a
वलय
260
_b
ज्ञानदा
630
_a
वलय
730
_a
वलय
942
_c
BOOK
999
_c
534252
_d
534249